| 000 | 00320nam a2200133 a 4500 | ||
|---|---|---|---|
| 001 | 4586 | ||
| 003 | CDMR | ||
| 005 | 20130116135258.0 | ||
| 008 | 130130s1993||||||||||||||||||||||||||||d | ||
| 040 |
_aCDMR _bcat _cCPC GIRONA |
||
| 245 | 0 |
_aFotògrafs per la pau _bDossier de premsa _cVaris |
|
| 260 |
_c1993 _bDivers |
||
| 942 | _cMON | ||
| 999 |
_c4586 _d4586 |
||